|
|
|
|
| LEADER |
01139nam a2200265 i 4500 |
| 001 |
10038110 |
| 003 |
GR-PaULI |
| 005 |
20250416131734.0 |
| 008 |
001205s1976 gs f b 1 ger d |
| 040 |
|
|
|a GR-PaULI
|c GR-PaULI
|b gre
|e AACR2
|
| 041 |
0 |
|
|a ger
|
| 082 |
0 |
4 |
|a 121.68
|2 23
|
| 100 |
1 |
|
|a Tugendhat, Ernst
|9 25966
|e συγγραφέας.
|
| 245 |
1 |
0 |
|a Vorlesungen zur Einführung in die sprachanalytische Philosophie /
|c Ernst Tugendhat.
|
| 260 |
|
|
|a Frankfurt am Main :
|b Suhrkamp,
|c 1976.
|
| 300 |
|
|
|a 535 σ. ;
|c 15 εκ.
|
| 490 |
0 |
|
|a Suhrkamp Taschenbuch Wissenschaft ;
|v 45
|
| 504 |
|
|
|6 Περιλαμβάνει βιβλιογραφικές παραπομπές και ευρετήριο.
|
| 650 |
|
4 |
|a Γλώσσα και γλώσσες
|x Φιλοσοφία
|9 518
|
| 830 |
|
0 |
|a Suhrkamp Taschenbuch Wissenschaft
|v 45
|9 156692
|
| 942 |
|
|
|2 ddc
|c BK15
|
| 952 |
|
|
|0 0
|1 0
|2 ddc
|4 0
|6 121_680000000000000_ΤUG
|7 0
|9 24232
|a PHIL
|b PHIL
|d 2016-04-24
|i 340
|l 0
|o 121.68 ΤUG
|p 025000096197
|r 2016-04-24 00:00:00
|t 1
|w 2016-04-24
|y BK15
|
| 998 |
|
|
|c Μπουζαμανάκη
|d 2000-12
|
| 998 |
|
|
|c ΚΑΝΕΛΛΟΠΟΥΛΟΥ
|d 2024-10
|
| 999 |
|
|
|c 15250
|d 15250
|